00429nam a2200157Ia 4500008004100000082002000041100002000061245003200081250000600113260004000119300000800159600002000167630003200187700002000219730003200239151018s9999 xx 000 0 und d bRBASDV6823a574 aC. H. Wadington aBiolwgy for the Modern word b1 bEnglish Language book societyc1963 a116 aC. H. Wadington aBiolwgy for the Modern word aC. H. Wadington aBiolwgy for the Modern word